| 000 | 01280nam a2200397 a 4500 | ||
|---|---|---|---|
| 001 | 24716 | ||
| 003 | CO-ViMGA | ||
| 005 | 20230915232014.0 | ||
| 006 | bimo0000479157 | ||
| 008 | 141112s2004 ck r 000 u spa d | ||
| 016 | _abimoBNE19960161389 SpMaBN | ||
| 017 | _aB 12283 - 1996 Oficina Depósito Legal Barcelona | ||
| 020 | _a8440663137 | ||
| 035 | _a(OCoLC)431525768 | ||
| 040 |
_aCO-ViMGA _bspa _cCO-ViMGA |
||
| 041 |
_aspa _beng |
||
| 080 | _a929 Sonnier, Pat | ||
| 082 | 0 | 4 | _a364.66 P73p |
| 100 | 1 |
_aPrejean, Helen _936866 |
|
| 240 | _aDead man walking Español | ||
| 245 | 1 | 0 |
_aPena de muerte / _cSister Helen Prejean ; [traducción, Maite Subirats] |
| 246 | _aDead man walking | ||
| 260 |
_aBarcelona : _bEdiciones B, _c1996 |
||
| 300 | _a430 p. 19 cm | ||
| 490 | _aDe viva voz | ||
| 594 | _aTraducción de : Dead man walking | ||
| 600 |
_aSonnier, Pat embne _936867 |
||
| 650 | 1 | 4 |
_aPena de muerte - Aspectos psicologicos _936868 |
| 650 | 1 | 4 |
_aPena de muerte - relatos personales _936869 |
| 700 | 1 |
_aSubirats, Maria, tr. _936870 |
|
| 926 | _aBNALCALA SG_PETANTI 10/10201 FONDO_MODE 1 | ||
| 927 | _aBNALCALA | ||
| 942 |
_2ddc _cBK |
||
| 956 | _a2 | ||
| 980 | _a017. B 12283 - 1996 852. 40 M - BN BNALCALA MO02425335 10/10201 DG ALCALA | ||
| 999 |
_c32521 _d32521 |
||